Fundamentals of nursing : (Record no. 11648)

MARC details
000 -LEADER
fixed length control field 00704cam a22002172 4500
001 - CONTROL NUMBER
control field 0000025348
005 - DATE AND TIME OF LATEST TRANSACTION
control field 20151217154519.0
008 - FIXED-LENGTH DATA ELEMENTS--GENERAL INFORMATION
fixed length control field 150722s xx 000 0 eng d
020 ## - INTERNATIONAL STANDARD BOOK NUMBER
International Standard Book Number 0781793834 :
040 ## - CATALOGING SOURCE
Original cataloging agency KABU
Transcribing agency KABU
245 10 - TITLE STATEMENT
Title Fundamentals of nursing :
Remainder of title the art and science of nursing care /
Statement of responsibility, etc. Carol R. Taylor... [et al.].
250 ## - EDITION STATEMENT
Edition statement 7th ed.
260 ## - PUBLICATION, DISTRIBUTION, ETC. (IMPRINT)
Place of publication, distribution, etc. Philadelphia, PA :
Name of publisher, distributor, etc. Wolters Kluwer,
Date of publication, distribution, etc. 2011.
300 ## - PHYSICAL DESCRIPTION
Extent 1 vol. (various pagings) +
Accompanying material 1 CD-ROM.
650 #0 - SUBJECT ADDED ENTRY--TOPICAL TERM
Topical term or geographic name as entry element Nursing.
-- 0000155852
650 #0 - SUBJECT ADDED ENTRY--TOPICAL TERM
Topical term or geographic name as entry element Ethics, Nursing.
-- 0000178263
700 1# - ADDED ENTRY--PERSONAL NAME
Personal name Taylor, Carol R... [et al.].
-- 0000185987
908 ## - PUT COMMAND PARAMETER (RLIN)
Put command parameter 150722
950 ## - LOCAL HOLDINGS (RLIN)
-- 1
Holdings
Withdrawn status Lost status Source of classification or shelving scheme Not for loan Home library Current library Date acquired Total Checkouts Full call number Barcode Date last seen Date last checked out Copy number Price effective from Koha item type
    Library of Congress Classification   Kabarak, Main Campus Kabarak, Main Campus 17/12/2015 7 RT41 .F86 2011 c. 1 016661 21/09/2023 16/06/2023 c. 1 17/12/2015 General Collection
Designed with assistance from East African Informatics Ltd